Provinces of New Spain in 1794 on a Map - Statistics

General Stats
  • This quiz has been taken 116 times
  • The average score is 16 of 37
Answers on the Map
Answers color-coded by a green-red scale on the quiz's map according to % correct below.
 
Answer Stats
Answer % Correct
Florida
99%
Baja California
89%
Luisiana
88%
Guatemala
87%
Nicaragua
87%
Puerto Rico
83%
Costa Rica
82%
México
82%
Veracruz
65%
Nuevo León
61%
Oaxaca
59%
Puebla
49%
San Salvador
49%
Alta California
46%
Guam
45%
Zacatecas
45%
Guadalajara
43%
San Luis Potosí
43%
Marianas
38%
Nuevo México
38%
Palaos
33%
Mérida de Yucatán
30%
Guanajuato
28%
Carolinas
26%
Luzón
24%
Mindanao
22%
Nueva Vizcaya
22%
Occidente
22%
Oriente
22%
Nuevo Santander
18%
Comayagua
13%
Nueva Navarra
13%
Nueva Extremadura
12%
Nuevas Filipinas
11%
Valladolid
11%
Cibao
7%
Ozama
7%
No matching quizzes found
Score Distribution
Percent of People with Each Score
Percentile by Number Answered
Your Score History
You have not taken this quiz